[Event "Mendrisio op"]
[Site "Mendrisio"]
[Date "2022.09.11"]
[Round "4"]
[White "Reinhardt, Bernd"]
[Black "White, David J"]
[Result "1-0"]
[WhiteElo "2103"]
[BlackElo "1868"]
[PlyCount "59"]
[EventDate "2022.09.09"]
[EventType "swiss"]
[EventRounds "5"]
[EventCountry "SUI"]
[SourceTitle "EXT 2023"]
[Source "ChessBase"]
[SourceDate "2022.10.05"]
[SourceVersion "1"]
[SourceVersionDate "2022.10.05"]
[SourceQuality "1"]

1. Nf3 c5 2. e3 Nf6 3. d4 cxd4 4. exd4 g6 5. Be2 Bg7 6. 0-0 0-0 7. Re1 d5 8. Ne5 Nbd7 9. Nc3 a6 10. a4 e6 11. Bf4 Qb6 12. Ra3 Nxe5 13. Bxe5 Nd7 14. Bxg7 Kxg7 15. Qd2 Qc7 16. Nd1 Nf6 17. Rh3 Rh8 18. Qh6+ Kg8 19. Bd3 Bd7 20. Qg5 Qd8 21. Rf3 Kg7 22. Qe5 h5 23. Ne3 Bxa4 24. h3 Qe7 25. Nxd5 Qd8 26. Nxf6 Kh6 27. Nxh5 gxh5 28. Rf6+ Kg7 29. Rg6+ Kh7 30. Qg7# 1-0

[Event "Crawley e2e4 Gatwick op U2050"]
[Site "Crawley"]
[Date "2016.05.28"]
[Round "2"]
[White "White, David J"]
[Black "Tombolis, Christopher"]
[Result "1-0"]
[WhiteElo "1862"]
[BlackElo "1417"]
[PlyCount "69"]
[EventDate "2016.05.27"]
[EventType "swiss"]
[EventRounds "7"]
[EventCountry "ENG"]
[SourceTitle "EXT 2019"]
[Source "ChessBase"]
[SourceDate "2018.10.10"]
[SourceVersion "1"]
[SourceVersionDate "2018.10.10"]
[SourceQuality "1"]

1. e4 c5 2. c3 d6 3. d4 cxd4 4. cxd4 g6 5. Nc3 Bg7 6. Nf3 Nc6 7. Be3 a6 8. Be2 Nf6 9. h3 0-0 10. 0-0 Nd7 11. Qd2 b5 12. Rac1 Bb7 13. Bh6 Qb6 14. Nd5 Qd8 15. Rc2 e6 16. Bxg7 Kxg7 17. Ne3 Nf6 18. Bd3 Qb6 19. e5 dxe5 20. dxe5 Nd5 21. Ng4 Rg8 22. Qh6+ Kh8 23. Ng5 Rg7 24. Nf6 Nxf6 25. exf6 Rag8 26. Be4 Nd4 27. fxg7+ Rxg7 28. Nxh7 Kg8 29. Nf6+ Kf8 30. Nd7+ Kg8 31. Nxb6 Nxc2 32. Bxc2 Rh7 33. Qg5 Rg7 34. Rd1 Kh7 35. Qh4+ 1-0

[Event "London Classic op 5th"]
[Site "London"]
[Date "2013.12.12"]
[Round "6"]
[White "White, David J"]
[Black "Peck, Silas"]
[Result "0-1"]
[WhiteElo "1915"]
[BlackElo "1803"]
[PlyCount "82"]
[EventDate "2013.12.07"]
[EventType "swiss"]
[EventRounds "9"]
[EventCountry "ENG"]
[SourceTitle "CBM 157 Extra"]
[Source "ChessBase"]
[SourceDate "2013.12.19"]
[SourceVersion "1"]
[SourceVersionDate "2013.12.19"]
[SourceQuality "1"]

1. e4 e5 2. f4 exf4 3. Nf3 g5 4. h4 g4 5. Ne5 d6 6. Nxg4 Nf6 7. Nxf6+ Qxf6 8. Nc3 Nc6 9. Bb5 Kd8 10. Bxc6 bxc6 11. Qf3 Rg8 12. d4 Qxd4 13. Bxf4 Bg4 14. Qg3 Be7 15. e5 Rg6 16. Qf2 dxe5 17. Be3 Qc4 18. Qf1 Qb4 19. Qd3+ Ke8 20. h5 Rd6 21. Qxh7 Qxb2 22. Qg8+ Bf8 23. 0-0 Bxh5 24. Ne4 Qxc2 25. Nxd6+ cxd6 26. Bh6 Qc5+ 27. Kh1 d5 28. Rab1 Qd6 29. Rb7 Qxh6 30. Qg3 Bg4+ 31. Kg1 Bc5+ 32. Rf2 Qf4 33. Qxf4 exf4 34. Kf1 Bxf2 35. Kxf2 c5 36. Rc7 c4 37. Ke1 Rd8 38. Rxa7 c3 39. Rc7 d4 40. Rc5 d3 41. Re5+ Kf8 0-1

[Event "London op Congress August"]
[Site "London"]
[Date "2013.08.26"]
[Round "5"]
[White "White, David J"]
[Black "Verma, Aditya"]
[Result "0-1"]
[WhiteElo "1941"]
[BlackElo "1625"]
[PlyCount "146"]
[EventDate "2013.08.24"]
[EventType "swiss"]
[EventRounds "6"]
[EventCountry "ENG"]
[SourceTitle "EXT 2023"]
[Source "ChessBase"]
[SourceDate "2022.10.05"]
[SourceVersion "1"]
[SourceVersionDate "2022.10.05"]
[SourceQuality "1"]

1. e4 c5 2. c3 d5 3. exd5 Qxd5 4. d4 Nc6 5. Nf3 Bf5 6. Be3 Bxb1 7. Rxb1 cxd4 8. Nxd4 a6 9. Qa4 Qe4 10. Rd1 e5 11. Qc2 Qxc2 12. Nxc2 f5 13. Be2 Nf6 14. f4 e4 15. 0-0 Be7 16. Bc4 g6 17. Rd2 Kf8 18. Nd4 Nxd4 19. Bxd4 Rd8 20. Rfd1 Kg7 21. g4 Rxd4 22. cxd4 Nxg4 23. Re2 Rd8 24. Kg2 Bd6 25. Rf1 Bc7 26. d5 Bb6 27. Kg3 Ne3 28. Rc1 Nxd5 29. Rd1 Nxf4 30. Red2 Rxd2 31. Rxd2 Nh5+ 32. Kg2 Nf6 33. Bd5 Be3 34. Rd1 Nxd5 35. Rxd5 b6 36. Kf1 a5 37. Ke2 Bc5 38. Re5 Kf6 39. Re8 Kg5 40. a3 Kf4 41. Re6 Kg5 42. Re8 h6 43. Re6 Kh5 44. Re5 Bd4 45. Rb5 Kg4 46. b4 axb4 47. Rxb4 Bc5 48. Rc4 Bxa3 49. Rc6 Kh5 50. Rxb6 g5 51. Rf6 f4 52. Re6 e3 53. h3 Bb2 54. Kf3 Bc3 55. h4 Be1 56. hxg5 hxg5 57. Re8 Bg3 58. Rh8+ Kg6 59. Rg8+ Kh6 60. Re8 Bh4 61. Kg4 Kg6 62. Re6+ Kf7 63. Re4 Kf6 64. Re8 Be1 65. Re4 Bc3 66. Re8 Be5 67. Rc8 e2 68. Rc1 Bc3 69. Rxc3 e1Q 70. Rc6+ Ke5 71. Rc5+ Kd6 72. Rxg5 Qg3+ 73. Kf5 Qxg5+ 0-1

[Event "Sunningdale e2e4 op"]
[Site "Ascot"]
[Date "2013.05.27"]
[Round "6"]
[White "White, David J"]
[Black "Bucher, Grant"]
[Result "0-1"]
[WhiteElo "1963"]
[BlackElo "2039"]
[PlyCount "48"]
[EventDate "2013.05.24"]
[EventType "swiss"]
[EventRounds "7"]
[EventCountry "ENG"]
[SourceTitle "CBM 154 Extra"]
[Source "ChessBase"]
[SourceDate "2013.06.25"]
[SourceVersion "2"]
[SourceVersionDate "2013.06.25"]
[SourceQuality "1"]

1. e4 e5 2. f4 exf4 3. Nf3 g5 4. h4 g4 5. Ne5 d6 6. Nxg4 Nf6 7. Nxf6+ Qxf6 8. Nc3 Nc6 9. Bb5 Kd8 10. Bxc6 bxc6 11. d3 Rg8 12. Qf3 Bh6 13. Ne2 Bg4 14. Qf2 Bxe2 15. Kxe2 Rg4 16. c3 Qg6 17. Rh2 f5 18. h5 Qe6 19. Qd4 fxe4 20. Qh8+ Rg8 21. Qxh7 f3+ 22. Kf2 e3+ 23. Kf1 e2+ 24. Ke1 f2+ 0-1

[Event "Sunningdale e2e4 op"]
[Site "Ascot"]
[Date "2013.05.25"]
[Round "3"]
[White "Gedajlovic, Max"]
[Black "White, David J"]
[Result "1-0"]
[WhiteElo "1751"]
[BlackElo "1963"]
[PlyCount "55"]
[EventDate "2013.05.24"]
[EventType "swiss"]
[EventRounds "7"]
[EventCountry "ENG"]
[SourceTitle "CBM 154 Extra"]
[Source "ChessBase"]
[SourceDate "2013.06.25"]
[SourceVersion "2"]
[SourceVersionDate "2013.06.25"]
[SourceQuality "1"]

1. d4 Nf6 2. c4 c5 3. d5 b5 4. cxb5 a6 5. bxa6 Bxa6 6. b3 g6 7. Bb2 Bg7 8. g3 d6 9. Bg2 0-0 10. Nh3 Nbd7 11. 0-0 Nb6 12. Nf4 Rb8 13. Qd2 Qc7 14. Rd1 Rfc8 15. Nc3 Ng4 16. Bh3 h5 17. Kg2 Re8 18. Bxg4 hxg4 19. Rh1 Bc8 20. h3 e5 21. dxe6 gxh3+ 22. Rxh3 Bxe6 23. Nxe6 Rxe6 24. Rah1 Qc6+ 25. f3 d5 26. Nxd5 Qxd5 27. Rh8+ Bxh8 28. Rxh8# 1-0

[Event "Uxbridge e2e4 Autumn Challengers-F"]
[Site "Uxbridge"]
[Date "2010.08.15"]
[Round "8"]
[White "McKenna, Jason P"]
[Black "White, David J"]
[Result "1-0"]
[WhiteElo "2109"]
[BlackElo "1939"]
[PlyCount "111"]
[EventDate "2010.08.11"]
[EventType "tourn"]
[EventRounds "9"]
[EventCountry "ENG"]
[SourceTitle "CBM 137 Extra"]
[Source "ChessBase"]
[SourceDate "2010.09.01"]
[SourceVersion "1"]
[SourceVersionDate "2010.09.01"]
[SourceQuality "1"]

1. e4 c5 2. Nf3 d6 3. d4 cxd4 4. Nxd4 Nf6 5. Nc3 g6 6. g3 Bg7 7. Bg2 0-0 8. h3 Nc6 9. Nde2 Be6 10. 0-0 Rc8 11. Be3 Ne5 12. b3 Qd7 13. Kh2 Nfg4+ 14. Kg1 Nxe3 15. fxe3 Bxh3 16. Qd2 Bxg2 17. Kxg2 Ng4 18. Rad1 Qe6 19. Nd4 Bxd4 20. exd4 Rxc3 21. Qxc3 Qxe4+ 22. Qf3 Ne3+ 23. Kf2 Qxf3+ 24. Kxf3 Nxd1 25. Rxd1 Rc8 26. c4 e6 27. Kf4 Kg7 28. g4 h6 29. Rh1 g5+ 30. Ke4 Kg6 31. Rf1 a6 32. a4 a5 33. Rf3 Rc7 34. Rf1 f5+ 35. gxf5+ exf5+ 36. Kd5 Rc6 37. Re1 g4 38. Re7 Rb6 39. Re6+ Kg5 40. c5 dxc5 41. Rxb6 cxd4 42. Kxd4 Kf4 43. Rxh6 g3 44. Rg6 Kf3 45. Ke5 f4 46. Rf6 g2 47. Rxf4+ Kg3 48. Rf7 g1Q 49. Rg7+ Kf2 50. Rxg1 Kxg1 51. Kd6 Kf2 52. Kc7 Ke3 53. Kxb7 Kd4 54. Kb6 Kc3 55. Kxa5 Kxb3 56. Kb5 1-0

[Event "Uxbridge e2e4 Autumn Challengers-F"]
[Site "Uxbridge"]
[Date "2010.08.13"]
[Round "4"]
[White "White, David J"]
[Black "Campbell, Eoin S"]
[Result "1-0"]
[WhiteElo "1939"]
[BlackElo "1915"]
[PlyCount "35"]
[EventDate "2010.08.11"]
[EventType "tourn"]
[EventRounds "9"]
[EventCountry "ENG"]
[SourceTitle "CBM 137 Extra"]
[Source "ChessBase"]
[SourceDate "2010.09.01"]
[SourceVersion "1"]
[SourceVersionDate "2010.09.01"]
[SourceQuality "1"]

1. e4 d6 2. d4 Nf6 3. Nc3 g6 4. f4 Bg7 5. Nf3 0-0 6. Bd3 Na6 7. 0-0 c5 8. d5 Rb8 9. Bc4 b5 10. Nxb5 Nxe4 11. Nxa7 Rxb2 12. Bxb2 Bxb2 13. Qd3 Bxa1 14. Nxc8 Nb4 15. Qxe4 Bf6 16. a3 Qxc8 17. axb4 cxb4 18. h3 1-0

[Event "Uxbridge op"]
[Site "Uxbridge"]
[Date "2010.03.20"]
[Round "2"]
[White "Quinn, Rory"]
[Black "White, David J"]
[Result "1-0"]
[WhiteElo "2036"]
[BlackElo "1965"]
[PlyCount "51"]
[EventDate "2010.03.19"]
[EventType "swiss"]
[EventRounds "5"]
[EventCountry "ENG"]
[SourceTitle "CBM 135 Extra"]
[Source "ChessBase"]
[SourceDate "2010.05.04"]
[SourceVersion "1"]
[SourceVersionDate "2010.05.04"]
[SourceQuality "1"]

1. e4 c5 2. Nf3 d6 3. Bb5+ Bd7 4. Bxd7+ Qxd7 5. 0-0 Nc6 6. c3 g6 7. d4 cxd4 8. cxd4 Bg7 9. d5 Nb4 10. Nc3 Nh6 11. Bxh6 Bxh6 12. Qd4 0-0 13. Qxb4 f5 14. e5 g5 15. e6 Qe8 16. Qxb7 g4 17. Nd4 f4 18. f3 gxf3 19. Nxf3 Rb8 20. Qd7 Qg6 21. b3 Rbc8 22. Ne2 Rc2 23. Rae1 Bg5 24. Qxa7 Bf6 25. Nxf4 Bd4+ 26. Nxd4 1-0

[Event "Uxbridge A2Bmedialtd.com-C"]
[Site "Uxbridge"]
[Date "2009.08.15"]
[Round "6"]
[White "White, David J"]
[Black "McKenna, Jason P"]
[Result "0-1"]
[WhiteElo "2051"]
[BlackElo "2146"]
[PlyCount "44"]
[EventDate "2009.08.12"]
[EventType "tourn"]
[EventRounds "9"]
[EventCountry "ENG"]
[SourceTitle "CBM 131 Extra"]
[Source "ChessBase"]
[SourceDate "2009.09.03"]
[SourceVersion "2"]
[SourceVersionDate "2009.09.16"]
[SourceQuality "1"]

1. e4 g6 2. d4 Bg7 3. Nc3 d6 4. f4 c6 5. Nf3 Bg4 6. Be2 Qb6 7. e5 Nh6 8. Ng5 Bxe2 9. Nxe2 0-0 10. Ng3 c5 11. c3 cxd4 12. cxd4 Nc6 13. Nf3 Rfd8 14. 0-0 dxe5 15. fxe5 Ng4 16. Kh1 Nxd4 17. Ng5 Nxe5 18. Be3 h6 19. N5e4 Nc4 20. Bg1 Rac8 21. Qe1 Qe6 22. Rd1 f5 0-1

[Event "Uxbridge A2Bmedialtd.com-C"]
[Site "Uxbridge"]
[Date "2009.08.13"]
[Round "2"]
[White "Brown, Thomas"]
[Black "White, David J"]
[Result "1-0"]
[WhiteElo "2033"]
[BlackElo "2051"]
[PlyCount "69"]
[EventDate "2009.08.12"]
[EventType "tourn"]
[EventRounds "9"]
[EventCountry "ENG"]
[SourceTitle "CBM 131 Extra"]
[Source "ChessBase"]
[SourceDate "2009.09.03"]
[SourceVersion "2"]
[SourceVersionDate "2009.09.16"]
[SourceQuality "1"]

1. d4 Nf6 2. Nf3 c5 3. d5 d6 4. c4 b5 5. cxb5 a6 6. b6 Qxb6 7. Nc3 g6 8. a4 Bg7 9. a5 Qc7 10. e4 Bg4 11. Qa4+ Bd7 12. Qc2 0-0 13. Be2 e6 14. 0-0 exd5 15. exd5 Bf5 16. Bd3 Bxd3 17. Qxd3 Nbd7 18. h3 Rfb8 19. Re1 Rb4 20. Re7 Ne5 21. Qxa6 Qd8 22. Ra7 Nxf3+ 23. gxf3 Rxa7 24. Qxa7 Nh5 25. Qa6 Nf4 26. Bxf4 Rxf4 27. Qf1 Rxf3 28. a6 Bd4 29. a7 Rxf2 30. a8Q Rxb2+ 31. Kh1 Rb8 32. Ra7 f5 33. Qc6 Bxc3 34. Qc7 Qf8 35. Qxh7# 1-0

[Event "Lausanne YM op 9th"]
[Site "Lausanne"]
[Date "2008.09.20"]
[Round "2"]
[White "White, David J"]
[Black "Siebrecht, Sebastian"]
[Result "0-1"]
[WhiteElo "2054"]
[BlackElo "2453"]
[PlyCount "34"]
[EventDate "2008.09.19"]
[EventType "swiss"]
[EventRounds "7"]
[EventCountry "SUI"]
[SourceTitle "CBM 126 Extra"]
[Source "ChessBase"]
[SourceDate "2008.11.05"]
[SourceVersion "1"]
[SourceVersionDate "2008.11.05"]
[SourceQuality "1"]

1. e4 c5 2. c3 g6 3. d4 cxd4 4. cxd4 d5 5. e5 Nc6 6. Nc3 Nh6 7. Bxh6 Bxh6 8. Nf3 Bg4 9. Be2 Bxf3 10. Bxf3 e6 11. Qa4 Qb6 12. Rd1 Qxb2 13. Nb5 0-0 14. 0-0 a6 15. Rb1 Qd2 16. Rfd1 axb5 17. Qxb5 Nxd4 0-1